000 00806nas a2200265 4500
001 BR8202421
003 BR-BrBNA
005 20231205085143.0
007 ta
008 230509b bl.|||p| |||| 00| 00por d
040 _aBR-BrBNA
_bpor
_cBiblioteca Nacional de Agricultura
041 _a(Pt)
072 _aF00
100 1 _aAnon.
245 1 _aBrasil conta agora com 3 regioes produtoras de trigo [Triticum aestivum, regiao sul, regiao sudeste, regiao centro-oeste]
650 _aTRIGO
650 _aPRODUTIVIDADE
650 _aRENDIMENTO
650 _aREGIAO SUL
650 _aREGIAO SUDESTE
650 _aREGIAO CENTRO-OESTE
773 0 _tAgropecuaria (Brazil)
_xISSN 0365-2661
_g(May 1982), v. 4(38) p. 14-21
_wBR8202421
909 _a202311
_bLúcia
_c55
_dLúcia Elande
942 _2AGRIS
_n0
_cANA
999 _c109583
_d109583